000
00191 a2200097 4500
020
_a
0763521604
041
_a
spa
100
_a
Jennings Lambert
245
_a
Caminata en la ciudad
942
_c
K
999
_c
29596
_d
29594